| 000 | 00716nam a2200229 a 4500 | ||
|---|---|---|---|
| 001 | 18670 | ||
| 003 | BD-RjUL | ||
| 005 | 20211209000322.0 | ||
| 008 | 140222r19241960enk 000 1 eng d | ||
| 035 | _a(BD-RjUL)18728 | ||
| 040 |
_aANL:NR _beng _cANL:NR _dSSLP _dBD-RjUL |
||
| 041 | _aeng | ||
| 082 |
_a823.91 _bFOP 1960 |
||
| 100 | 1 |
_aForster, E. M. _q(Edward Morgan), _d1879-1970. _957488 |
|
| 245 | 1 | 2 |
_aA passage to India / _c E.M. Forster. |
| 260 |
_aHarmondsworth, Middlesex, England : _bPenguin, _c1924 [printed 1960] |
||
| 300 |
_a316 p. : _bport. ; _c18 cm. |
||
| 500 | _aOriginally published: 1924. | ||
| 650 |
_aRace relations _vFiction _942387 |
||
| 942 |
_2ddc _cBK |
||
| 999 |
_c18670 _d18670 |
||